Thermodynamics (Record no. 8021)

MARC details
000 -LEADER
fixed length control field 00272nam a2200121Ia 4500
008 - FIXED-LENGTH DATA ELEMENTS--GENERAL INFORMATION
fixed length control field 191201s2011 xx 000 0 und d
100 ## - MAIN ENTRY--PERSONAL NAME
Personal name ARORA, CP
245 #0 - TITLE STATEMENT
Title Thermodynamics
250 ## - EDITION STATEMENT
Edition statement 22th Rep
260 ## - PUBLICATION, DISTRIBUTION, ETC. (IMPRINT)
Date of publication, distribution, etc 2011
Name of publisher, distributor, etc TMH
Place of publication, distribution, etc NEW DELHI
300 ## - PHYSICAL DESCRIPTION
Extent 762
942 ## - ADDED ENTRY ELEMENTS (KOHA)
Source of classification or shelving scheme Dewey Decimal Classification
Koha item type Text Books
942 ## - ADDED ENTRY ELEMENTS (KOHA)
-- 2
Holdings
Withdrawn status Lost status Source of classification or shelving scheme Damaged status Not for loan Collection code Home library Current library Date acquired Source of acquisition Cost, normal purchase price Bill Number Total Checkouts Full call number Acc. no. / Barcode Date last seen Bill Date Koha item type Date last borrowed
    Dewey Decimal Classification     Diploma in Mechanical PIET C-LIBRARY PIET C-LIBRARY 03/07/2012 IBH, New Delhi 570.00 4860   621.4021 ART DE122 04/12/2019 03/07/2012 Text Books  
    Dewey Decimal Classification     Diploma in Mechanical PIET C-LIBRARY PIET C-LIBRARY 03/07/2012 IBH, New Delhi 570.00 4860   621.4021 ART DE123 04/12/2019 03/07/2012 Text Books  
    Dewey Decimal Classification     Diploma in Mechanical PIET C-LIBRARY PIET C-LIBRARY 03/07/2012 IBH, New Delhi 570.00 4860   621.4021 ART DE124 04/12/2019 03/07/2012 Text Books  
    Dewey Decimal Classification     Diploma in Mechanical PIET C-LIBRARY PIET C-LIBRARY 03/07/2012 IBH, New Delhi 570.00 4860   621.4021 ART DE125 04/12/2019 03/07/2012 Text Books  
    Dewey Decimal Classification     Diploma in Mechanical PIET C-LIBRARY PIET C-LIBRARY 03/07/2012 IBH, New Delhi 570.00 4860   621.4021 ART DE126 04/12/2019 03/07/2012 Text Books  
    Dewey Decimal Classification     Diploma in Mechanical PIET C-LIBRARY PIET C-LIBRARY 03/07/2012 IBH, New Delhi 570.00 4860 2 621.4021 ART DE127 08/03/2021 03/07/2012 Text Books 03/03/2021

Design & Developed by: PIET Central Library
R70 Miles Stone Pattikalyana Samalkha Panipat 132102
mail ID :- [email protected], Phone No:- 0180-2569700 Ex.216